000 00471nam a22001817a 4500
003 MPLRDC
005 20220104114648.0
008 210129b ||||| |||| 00| 0 eng d
020 _a7-81003-921-0
082 _a528.97 FYJ
100 _a符永江、符飞云、杨建南 编著
245 _a精武神功
_c
250 _a一版一刷
260 _a中国
_b北京体育大学出版社
_c1994
300 _b248
650 _a武术;拳术
942 _cBK
_o528.97 FYJ
999 _c9231
_d9221